000
00318nam a22001337a 4500
020
_a
9789694073873
082
_a
621.3822 HAS
100
_a
S K Hasnain
245
_a
Digital signal processing: theory & worked examples
250
_a
3rd
260
_a
Karachi
_b
Royal Book Company
_c
2001
300
_a
497
942
_c
BK
999
_c
13113
_d
13113